Christ, the healer : (Record no. 6017)
[ view plain ]
| 000 -LEADER | |
|---|---|
| fixed length control field | 00796nam a2200253 i 4500 |
| 001 - CONTROL NUMBER | |
| control field | 6274305 |
| 003 - CONTROL NUMBER IDENTIFIER | |
| control field | OSt |
| 005 - DATE AND TIME OF LATEST TRANSACTION | |
| control field | 20190111162625.0 |
| 008 - FIXED-LENGTH DATA ELEMENTS--GENERAL INFORMATION | |
| fixed length control field | 800502t19241924xx c 000 0 eng d |
| 010 ## - LIBRARY OF CONGRESS CONTROL NUMBER | |
| LC control number | 25007863 |
| 040 ## - CATALOGING SOURCE | |
| Original cataloging agency | ITC |
| Transcribing agency | ITC |
| Modifying agency | KSU |
| -- | UtOrBLW |
| 050 ## - LIBRARY OF CONGRESS CALL NUMBER | |
| Classification number | BR115.H4 |
| Item number | B65 |
| 082 ## - DEWEY DECIMAL CLASSIFICATION NUMBER | |
| Classification number | 234.13 |
| Item number | B747c |
| 100 1# - MAIN ENTRY--PERSONAL NAME | |
| Personal name | Bosworth, F. F., and Evangelist |
| Fuller form of name | (Fred Francis), |
| Dates associated with a name | 1877-1958 |
| 245 10 - TITLE STATEMENT | |
| Title | Christ, the healer : |
| Remainder of title | sermons on divine healing / |
| Statement of responsibility, etc. | by F. F. Bosworth and Evangelist |
| 260 ## - PUBLICATION, DISTRIBUTION, ETC. | |
| Place of publication, distribution, etc. | Florida, Miami |
| Name of publisher, distributor, etc. | Florence N. Bosworth |
| 264 #1 - PRODUCTION, PUBLICATION, DISTRIBUTION, MANUFACTURE, AND COPYRIGHT NOTICE | |
| Place of production, publication, distribution, manufacture | [Racine, Wis.] : |
| Name of producer, publisher, distributor, manufacturer | [F. F. Bosworth], |
| Date of production, publication, distribution, manufacture, or copyright notice | [1924] |
| 264 #4 - PRODUCTION, PUBLICATION, DISTRIBUTION, MANUFACTURE, AND COPYRIGHT NOTICE | |
| Date of production, publication, distribution, manufacture, or copyright notice | ©1924 |
| 300 ## - PHYSICAL DESCRIPTION | |
| Extent | 249 p.; |
| Other physical details | frontispiece ; |
| Dimensions | 19 cm |
| 336 ## - CONTENT TYPE | |
| Content type term | text |
| Content type code | txt |
| Source | rdacontent |
| 337 ## - MEDIA TYPE | |
| Media type term | unmediated |
| Media type code | n |
| Source | rdamedia |
| 338 ## - CARRIER TYPE | |
| Carrier type term | volume |
| Carrier type code | nc |
| Source | rdacarrier |
| 942 ## - ADDED ENTRY ELEMENTS (KOHA) | |
| Source of classification or shelving scheme | Dewey Decimal Classification |
| Koha item type | Books |
No items available.
